|
|
|
|
| LEADER |
00000nam0a2200000 4500 |
| 001 |
266044 |
| 005 |
20231101233953.0 |
| 035 |
|
|
|a (RuTPU)RU\TPU\book\289047
|
| 090 |
|
|
|a 266044
|
| 100 |
|
|
|a 20140702d1986 m y0rusy50 ca
|
| 101 |
0 |
|
|a rus
|
| 102 |
|
|
|a RU
|
| 105 |
|
|
|a a z 001zy
|
| 200 |
1 |
|
|a Формирование малых водохранилищ гидроэлектростанций
|f В. М. Широков, П. С. Лопух
|
| 210 |
|
|
|a Москва
|c Энергоатомиздат
|d 1986
|
| 215 |
|
|
|a 144 с.
|c ил.
|
| 320 |
|
|
|a Библиогр.: с. 140-143
|
| 606 |
1 |
|
|a Водоемы малые
|x Использование комплексное
|2 stltpush
|3 (RuTPU)RU\TPU\subj\2819
|9 31329
|
| 610 |
1 |
|
|a гидроэлектростанции
|
| 610 |
1 |
|
|a малые водохранилища
|
| 610 |
1 |
|
|a формирование
|
| 610 |
1 |
|
|a ГЭС
|
| 610 |
1 |
|
|a геолого-геоморфологическая характеристика
|
| 610 |
1 |
|
|a использование
|
| 610 |
1 |
|
|a береговые линии
|
| 610 |
1 |
|
|a микроклимат
|
| 610 |
1 |
|
|a режимы
|
| 675 |
|
|
|a 627.81
|v 3
|
| 700 |
|
1 |
|a Широков
|b В. М.
|g Вячеслав Михайлович
|
| 701 |
|
1 |
|a Лопух
|b П. С.
|g Петр Степанович
|
| 801 |
|
1 |
|a RU
|b 63413507
|c 20140702
|
| 801 |
|
2 |
|a RU
|b 63413507
|c 20170214
|g RCR
|
| 942 |
|
|
|c BK
|